| 000 | 00467nam a2200145Ia 4500 | ||
|---|---|---|---|
| 008 | 100415s9999 xx 000 0 und d | ||
| 082 |
_b16167 _a571(54922) |
||
| 100 | _aZoological Society Of Bangaladesh | ||
| 245 | _aBagaladesh : Journal Of Zoology Vol. 4-6 | ||
| 260 |
_aDACCA _c1976 _bZoological Society Of Bangaladesh |
||
| 365 | _b0 | ||
| 630 | _aBagaladesh : Journal Of Zoology Vol. 4-6 | ||
| 730 | _aBagaladesh : Journal Of Zoology Vol. 4-6 | ||
| 942 | _cBOOK | ||
| 999 |
_c599065 _d599062 |
||